000 00549nam a2200193Ia 4500
003 LDD
008 181029s9999 xx 000 0 und d
020 _a9788180301478
_c800.00
040 _cLDD
100 _aSingh, Sanjay Kumar
245 0 _aPteridophyta
_cSanjay Kumar Singh
260 _aNew Delhi
_bCampus Books International
_c2010
300 _av, 291p.
365 _b800.00
901 _a7236
_b13-05-2011
902 _a3895
_b19-05-2011
_cF
_dPUJA
_eFTF
903 _aDiscount-15
_bReqst by : Amrita Nigam
942 _2ddc
_cBK
999 _c96480
_d96480